000 00309nam a22001337a 4500
008 170301b xxu||||| |||| 00| 0 eng d
020 _a9780340586068
041 _aeng
080 _a616.8-006
100 _a6
101 _aSHM
245 _aHISTOLOGICAL DIAGNOSIS OF TUMORS
_cALNAFUSSI, A.I
942 _2udc
_cBK
999 _c6474
_d6474